00693nmm a2200205Ia 4500008004100000020001800041041000800059100002400067245011000091264004700201300001800248490003600266650002300302700003500325700003100360700002100391856005100412942000700463999001700470251105s9999||||xx |||||||||||||||||und|| a9788498951486 aspa aAlemany Bay, Carmen 0aMiguel Hernández, el desafío de la escritura. :b El proceso de creación de la poesía hernandiana a[Madrid, España] :bVisor Libros, c2013 a290 páginas aBiblioteca Filológica Hispana aSpanish literature a Díez Borque, José María1 a Bustos Táuler, Álvaro1 a Di Pinto, Elena uhttps://public.digitaliapublishing.com/a/24218 cCF c61592d61592